| 000 | 00560nam a2200145Ia 4500 | ||
|---|---|---|---|
| 008 | 081213s9999 xx 000 0 und d | ||
| 050 |
_aBS2555.3 _b.T46 |
||
| 100 | _aTHOMPSON, J.M. | ||
| 245 |
_aThe synoptic gospels: _barranged in parallel columns/ _cJ. M. Thompson _hBook |
||
| 260 |
_c1910 _aLondon _bOxford university press |
||
| 300 |
_axxvii, 161 p. _c26 cm. |
||
| 650 | _aBIBLE.N.T. GOSPELS | ||
| 942 |
_cBK _2lcc |
||
| 999 |
_c16328 _d16328 |
||